<The> theory of economic integration

Gespeichert in:
Bibliographische Detailangaben
1. Verfasser: Balassa, Bela
Format: Buch
Sprache:Englisch
Veröffentlicht: Abingdon Routledge 2011
Schriftenreihe:Routledge revivals
Schlagworte:
Tags: Tag hinzufügen
Keine Tags, Fügen Sie das erste Tag hinzu!

MARC

LEADER 00000nam a2200000 4500
001 0149589
005 20240312120042.2
020 |a 978-0-415-67910-7 
041 0 |a eng 
044 |a GB 
245 1 0 |a <The> theory of economic integration  |c Bela Balassa 
264 1 |a Abingdon  |b Routledge  |c 2011 
300 |a 304 s. 
490 1 |a Routledge revivals 
830 0 |a Routledge revivals 
610 2 0 |a integrácia ekonomická medzinárodná 
610 2 0 |a komodity 
610 2 0 |a pohyb tovaru 
610 2 0 |a obchod 
610 2 0 |a spotreba 
610 2 0 |a trh 
610 2 0 |a produktivita 
610 2 0 |a politika hospodárska 
610 2 0 |a politika sociálna 
610 2 0 |a harmonizácia 
610 2 0 |a politika fiškálna 
610 2 0 |a politika peňažná 
100 1 |a Balassa, Bela